000 00267nam a2200097Ia 4500
001 1214835
005 20250827024540.0
008 250824s9999 xx 000 0 und d
245 0 _aKÖPEK ADAM PATİLERİN ÇAĞRISI
_cDAV PİLKEY
260 _bALTIN KİTAPLAR YAYINCILIK
999 _c1214835
_d1214835